|
|
|
|
| LEADER |
00000nam0a2200000 4500 |
| 001 |
68008 |
| 005 |
20231031074412.0 |
| 010 |
|
|
|a 5947238888
|
| 035 |
|
|
|a (RuTPU)RU\TPU\book\72407
|
| 090 |
|
|
|a 68008
|
| 100 |
|
|
|a 20040929d2004 m y0rusy50 ca
|
| 101 |
0 |
|
|a rus
|
| 102 |
|
|
|a RU
|
| 105 |
|
|
|a y z 000zy
|
| 200 |
1 |
|
|a Энергия эмоций
|f В. В. Бойко
|
| 205 |
|
|
|a 2-е изд., доп. и перераб.
|
| 210 |
|
|
|a СПб.
|c Питер
|d 2004
|
| 215 |
|
|
|a 474 с.
|
| 610 |
1 |
|
|a психология
|
| 610 |
1 |
|
|a эмоциональные процессы
|
| 610 |
1 |
|
|a эмоции
|
| 610 |
1 |
|
|a психическая энергия
|
| 610 |
1 |
|
|a восприимчивость
|
| 610 |
1 |
|
|a восприятие
|
| 610 |
1 |
|
|a психические расстройства
|
| 610 |
1 |
|
|a эмоциональное поведение
|
| 610 |
1 |
|
|a методика
|
| 686 |
|
|
|a Ю935.2
|v LBC/SL-A
|2 rubbk
|
| 700 |
|
1 |
|a Бойко
|b В. В.
|g Виктор Васильевич
|
| 801 |
|
1 |
|a RU
|b 63413507
|c 20040929
|g PSBO
|
| 801 |
|
2 |
|a RU
|b 63413507
|c 20150912
|g PSBO
|
| 900 |
|
|
|a Психология массовой коммуникации
|
| 942 |
|
|
|c BK
|
| 959 |
|
|
|a 119/20040924
|d 1
|e 65
|f ЧЗГЛ:1
|